000 00458nam a2200181Ia 4500
001 18477
005 20260306171633.0
008 260306s9999||||xx |||||||||||||| ||und||
041 _aESP
082 _a658.406
_bD68
100 _aDíaz Spataro, Mariana
_eAUT
245 0 _aOutsourcing:
_bguía práctica de técnicas y estrategias
260 _c2012
300 _a154 páginas :
_c24 cm.
650 _aGEN
654 _aCAN
942 _cLIB
_dJUS
_fJUS
_2ddc
_n
999 _c18477
_d18477